Sustainability in credit (Record no. 78821)
[ view plain ]
| 000 -LEADER | |
|---|---|
| fixed length control field | 00950cab a22002055a 4500 |
| 001 - CONTROL NUMBER | |
| control field | L138224 |
| 008 - FIXED-LENGTH DATA ELEMENTS--GENERAL INFORMATION | |
| fixed length control field | 070523e2007 xxk f 000 0 eng d |
| 035 ## - SYSTEM CONTROL NUMBER | |
| System control number | (Sirsi) u138224 |
| 041 0# - LANGUAGE CODE | |
| Language code of text/sound track or separate title | eng |
| 100 1# - MAIN ENTRY--PERSONAL NAME | |
| Personal name | Wilson, Ray |
| 245 00 - TITLE STATEMENT | |
| Title | Sustainability in credit |
| 260 ## - PUBLICATION, DISTRIBUTION, ETC. | |
| Date of publication, distribution, etc. | 2007 |
| 490 #0 - SERIES STATEMENT | |
| Series statement | Premises and Facilities Management |
| Volume/sequential designation | May 2007, 23-26(3) |
| 520 ## - SUMMARY, ETC. | |
| Summary, etc. | Reports the need for the effective management of utilities consumption for large organisations in reducing environmental impact, control operating costs and acting in socially responsible ways. Discusses the concept of sustainability, what sustainability means for business and how businesses can reconcile sustainable practices with the need to maintain their competitive advantage. |
| 590 ## - LOCAL NOTE (RLIN) | |
| Local note | KA |
| 651 #4 - SUBJECT ADDED ENTRY--GEOGRAPHIC NAME | |
| Geographic name | United Kingdom |
| Chronological subdivision | |
| 690 ## - LOCAL SUBJECT ADDED ENTRY--TOPICAL TERM (OCLC, RLIN) | |
| Topical term or geographic name as entry element | ENVIRONMENTAL AND LAND CONSULTANCY-SUSTAINABILITY-SUSTAINABLE DEVELOPMENT |
| 690 ## - LOCAL SUBJECT ADDED ENTRY--TOPICAL TERM (OCLC, RLIN) | |
| Topical term or geographic name as entry element | MANAGEMENT-FACILITIES MANAGEMENT |
| 942 ## - ADDED ENTRY ELEMENTS (KOHA) | |
| Suppress in OPAC | 0 |
| Withdrawn status | Lost status | Source of classification or shelving scheme | Damaged status | Not for loan | Home library | Current library | Shelving location | Date acquired | Total Checkouts | Full call number | Barcode | Date last seen | Copy number | Price effective from | Koha item type |
|---|---|---|---|---|---|---|---|---|---|---|---|---|---|---|---|
| Dewey Decimal Classification | London | London | Journal article | 23/05/2007 | L138224 | 138224-1001 | 06/08/2019 | 1 | 06/08/2019 | Journal article |